000
00301nam a22001457a 4500
008
210511b ||||| |||| 00| 0 eng d
020
_a
9781904292005
041
_a
eng
080
_a
82
082
_a
82
100
_a
21
101
_a
GJL
245
_a
Mythology
_c
Littleton,C.S
942
_2
udc
_c
BK
999
_c
57209
_d
57209